The Teacher's Encyclopedia of Behavior Management : 100 problems/500 plans (Record no. 25524)

MARC details
000 -LEADER
fixed length control field 00745nam a22002177a 4500
003 - CONTROL NUMBER IDENTIFIER
control field OSt
005 - DATE AND TIME OF LATEST TRANSACTION
control field 20260629162524.0
008 - FIXED-LENGTH DATA ELEMENTS--GENERAL INFORMATION
fixed length control field 260629b |||||||| |||| 00| 0 eng d
020 ## - INTERNATIONAL STANDARD BOOK NUMBER
International Standard Book Number 9781599090023
040 ## - CATALOGING SOURCE
Transcribing agency Chuka University Library
050 ## - LIBRARY OF CONGRESS CALL NUMBER
Classification number REF LB 30130 .S67 1995
100 ## - MAIN ENTRY--PERSONAL NAME
Personal name Sprick, Randy
9 (RLIN) 31848
245 ## - TITLE STATEMENT
Title The Teacher's Encyclopedia of Behavior Management : 100 problems/500 plans
260 ## - PUBLICATION, DISTRIBUTION, ETC.
Place of publication, distribution, etc. Eugene
Name of publisher, distributor, etc. Pacific Northwest Publishing
Date of publication, distribution, etc. 1995
300 ## - PHYSICAL DESCRIPTION
Extent Various paging
650 ## - SUBJECT ADDED ENTRY--TOPICAL TERM
Topical term or geographic name entry element classroom management-handbooks, manual, etc.
9 (RLIN) 31849
650 ## - SUBJECT ADDED ENTRY--TOPICAL TERM
Topical term or geographic name entry element school discipline-handbooks, manuals
9 (RLIN) 31491
650 ## - SUBJECT ADDED ENTRY--TOPICAL TERM
Topical term or geographic name entry element behavior modification-handbooks, manuals
9 (RLIN) 31850
700 ## - ADDED ENTRY--PERSONAL NAME
Personal name Lisa Howard,
9 (RLIN) 31851
942 ## - ADDED ENTRY ELEMENTS (KOHA)
Source of classification or shelving scheme Library of Congress Classification
Koha item type Long Loan Books
Suppress in OPAC No
Holdings
Withdrawn status Lost status Source of classification or shelving scheme Damaged status Not for loan Collection Home library Current library Shelving location Date acquired Source of acquisition Cost, normal purchase price Total Checkouts Full call number Barcode Date last seen Price effective from Koha item type
    Library of Congress Classification     Reference Collection Main Campus Library Main Campus Library Reference Section 29/06/2026 Donation from Books for Africa 15991.96   REF LB 30130 .S67 1995 36180/2026 29/06/2026 29/06/2026 Long Loan Books

Powered by Koha